12. Love Bites - Ice Nine Kills (Lyrics) - Statistics

General Stats
  • This quiz has been taken 15 times
  • The average score is 106 of 235
Answer Stats
Answer % Correct
apart,
90%
at
90%
be
90%
but
90%
can
90%
from
90%
how
90%
howl
90%
I'm
90%
it
90%
It's
90%
it's
90%
limb
90%
limb
90%
London
90%
me
90%
moon,
90%
oh
90%
sharper
90%
skin,
90%
So
90%
softer
90%
tearing
90%
tearing
90%
teeth
90%
the
90%
The
90%
the
90%
the
90%
the
90%
Yeah!
90%
a
80%
alone
80%
can't
80%
'cause
80%
curse
80%
disown
80%
I
80%
I'm
80%
it's
80%
when
80%
worse
80%
call
70%
nurse,
70%
or
70%
So
70%
the
70%
them
70%
to
70%
us
70%
I've
60%
all
50%
at
50%
be
50%
beast
50%
beauty
50%
believe
50%
can
50%
counting
50%
fallen
50%
go,
50%
head?
50%
how
50%
howl
50%
I'm
50%
in
50%
Is
50%
it
50%
it
50%
kill
50%
love
50%
moon,
50%
my
50%
nothing
50%
nowhere
50%
off
50%
oh
50%
on
50%
prey
50%
sharper
50%
skin,
50%
So
50%
softer
50%
teeth
50%
the
50%
The
50%
the
50%
the
50%
the
50%
the
50%
to
50%
to
50%
to
50%
With
50%
a
40%
But
40%
can't
40%
down
40%
I
40%
is
40%
just
40%
live
40%
me
40%
of
40%
the
40%
this
40%
without
40%
arms
30%
at
30%
at
30%
be
30%
be
30%
be
30%
be)
30%
beast
30%
beast
30%
beauty
30%
beauty
30%
believe
30%
believe
30%
believe)
30%
bit
30%
can
30%
can
30%
can
30%
'cause
30%
chew
30%
could
30%
counting
30%
counting
30%
day
30%
day)
30%
dead)
30%
(Despite
30%
dog
30%
(Dog
30%
doubt
30%
every
30%
go,
30%
go,
30%
good
30%
has
30%
has
30%
how
30%
how
30%
how
30%
howl
30%
howl
30%
I'm
30%
I'm
30%
in
30%
it
30%
it
30%
it
30%
its
30%
its
30%
kill
30%
kill
30%
lay,
30%
moon,
30%
moon,
30%
more
30%
my
30%
nothing
30%
nothing
30%
(Nothing
30%
nowhere
30%
nowhere
30%
off
30%
off
30%
oh
30%
oh
30%
(Oh
30%
on
30%
on
30%
put
30%
Safe
30%
sharper
30%
sharper
30%
skin,
30%
skin,
30%
so
30%
So
30%
So
30%
softer
30%
softer
30%
taste
30%
teeth
30%
teeth
30%
than
30%
the
30%
the
30%
The
30%
the
30%
the
30%
the
30%
the
30%
the
30%
The
30%
the
30%
the
30%
the
30%
the
30%
to
30%
to
30%
to
30%
to
30%
to
30%
to
30%
to
30%
to
30%
too
30%
true
30%
will
30%
with
30%
With
30%
With
30%
You
30%
you
30%
you
30%
you
30%
Blood
20%
But
20%
filled
20%
hands
20%
man
20%
of
20%
off
20%
on
20%
the
20%
to
20%
toll
20%
it's
10%
Now
10%
time
10%
No matching quizzes found
Score Distribution
Percent of People with Each Score
Percentile by Number Answered
Your Score History
You have not taken this quiz